Statistics for Scrambled Africa Map with 5 Missing Countries

Click here to take the quiz!

General Stats

  • This quiz has been taken 74 times
  • The average score is 2 of 5

Answers on the Map

Answers color-coded by a green-red scale on the quiz's map according to % correct below.
 

Answer Stats

Answer% Correct
Sudan
48%
Madagascar
47%
Eritrea
41%
Guinea
40%
Botswana
36%

Score Distribution

Percentile by Number Answered

Percent of People with Each Score

Your Score History

You have not taken this quiz